[Event "EU-ch 12th"]
[Site "Aix les Bains"]
[Date "2011.04.01"]
[Round "10"]
[White "Azarov, Sergei Nikolaevich"]
[Black "Nisipeanu, Liviu Dieter"]
[Result "1-0"]
[WhiteElo "2615"]
[BlackElo "2673"]
[Annotator "Marin,M"]
[PlyCount "67"]
[EventDate "2011.03.22"]
[EventType "swiss"]
[EventRounds "11"]
[EventCountry "FRA"]
[SourceTitle "CBM 142 Extra"]
[Source "ChessBase"]
[SourceDate "2011.06.27"]
[SourceVersion "1"]
[SourceVersionDate "2011.06.27"]
[SourceQuality "1"]

1. e4 c5 2. Nf3 e6 3. d4 cxd4 4. Nxd4 Nf6 5. Nc3 d6 6. g4 e5 $5 {Practice has
shown that White's attack is promising if allowed to develop without any
obstacles. The text move is the most radical way of preventing such a course
of events, at the price of weakening the d5-square. Throughout the years, this
has been a favourite line of Mihai Suba, another Romanian chess star of the
first magnitude. Although the styles of these two players have little in
common, maybe there are some hidden connections between the different
generations of players of the same country.} 7. Nf5 ({The critical
continuation is considered to be} 7. Bb5+ Bd7 8. Bxd7+ Qxd7 9. Nf5 h5 10. gxh5
Nxh5 11. Bh6 {Nisipeanu seems to have a preference for} g6 ({Suba usually
played} 11... Nc6 {, which, in fact, I find more logical, since it develops a
piece.}) 12. Bxf8 gxf5 13. Bxd6 Nc6 14. Bc5 Qxd1+ 15. Rxd1 b6 16. Bd6 $5 {
Possibly a prepared improvement over an older game of Nisipeanu.} (16. Be3 f4
17. Bc1 Nd4 $132 {Holzke,F (2485)-Nisipeanu,L (2668)/Germany 2008/CBM 123 (1/2,
32)}) 16... O-O-O {Giving up a pawn for the sake of a tempo.} (16... fxe4 17.
Nxe4 O-O-O {may be better. White's pressure may be volatile, while the
material would be equal.}) 17. exf5 Nf4 18. Ne4 Rh4 19. f3 Nd4 {Black has
activated his position radically, but White has a simplifying operation,
ensuring him a clear advantage.} 20. Rxd4 exd4 21. Be7 $16 {without adequate
compensation for the missing pawns in Kurnosov,I (2602)-Nisipeanu,L (2675)/
Budva (playoff) 2009/CBM 130 (1/2, 50)}) 7... Nc6 $5 {The new trend.} ({
I remember that about a quarter of a century ago, Suba showed to me some ideas
that had been revealed to him by Yakov Murey in the following line:} 7... h5 8.
g5 Nxe4 9. Nxg7+ Bxg7 10. Nxe4 d5 11. Ng3 Nc6 (11... h4 12. Nh5 Kf8 {may be
safer, but not very inspiring.} 13. Nxg7 {Maybe he should not have hurried
with this exchange.} Kxg7 14. Bg2 Be6 15. c4 h3 16. Bxd5 Bxd5 17. cxd5 Na6 {
White's weaknesses on the light squares prevented him from taking advantage of
his extra pawn in Rodchenkov,S (2306)-Geller,J (2525)/Kazan 2009/CBM 130 Extra
(1/2, 41)}) 12. Nxh5 Rxh5 13. Qxh5 Nd4 14. Bd3 e4 15. c3 {, but computers are
not really enthusiastic about Black's chances. The last annotated game I found
with this line is Meister,Y (2430)-Sherbakov,R (2525)/Moscow 1991/URS-ch/
[Postny] (1/2, 23)}) 8. Bg5 {This move has its merits and drawbacks. It
contributes to the fight for the d5-square, but on the other hand it gives up
the control over the already weakened dark squares.} h6 9. Bxf6 Qxf6 10. Nd5
$146 {The sequence introduce by this novelty aims to increase White's control
on the light squares.} ({Previously, Nisipeanu had faced the more cautious} 10.
Qd2 {, but had little trouble getting active counterplay:} g6 11. Ne3 h5 $1 {
Taking advantage of White's lack of territorial ambitions.} 12. gxh5 Rxh5 13.
Nb5 Qd8 14. O-O-O Rh4 {Gharamian,T (2555)-Nisipeanu,L (2684)/Germany 2008/CBM
126 Extra (1/2, 25). Black's more compact structure compensates for his delay
in development.}) 10... Qd8 11. h4 g6 12. Nfe3 Be6 13. c3 {Restricting the
activity of the black knight. Had the g-pawn been one or two steps behind,
White would have had a perfect version of the Sveshnikov. The way it is, Black
has more space of his supposedly "bad" bishop, while the white bishop may well
become "bad" instead, in case of simplifications.} Be7 14. Qb3 Rb8 15. h5 {
The concluding move of the initial plan. Both sides have to decide now what to
do with the king.} Kf8 $1 {Nisipeanu correctly assumes that there will be no
dangers on the kingside, as long as he has excellent control over the dark
squares. Later, he will slightly neglect this latter aspect.} 16. Rd1 ({
The position with castling on opposite sides would present dangers for White
only:} 16. O-O-O Kg7 17. Be2 Bg5 18. Kb1 b5 {Black has a natural attack, while
White does not have a constructive plan.}) 16... Bg5 17. Qa3 Kg7 18. Be2 Qd7 (
18... b5 {would be premature because of} 19. Qa6 {In order to unblock the
queenside Black has to trade queens with} Qc8 {Given the lack of safety of the
white king, Black should keep queens on board.}) 19. Qa4 Rhc8 20. Kf1 {
Imitating the journey of the black king.} Qd8 $1 {(?) While watching the game
online, I assumed that Black had played his last move with the idea of
defending the b6-square and preparing a slow queenside expansion with ...a6, ..
.Ra8 (or ...Rc6) and ...b5. I believe that in this case, Black's position
would have remained preferrable, with practical no chances of activity for
White. As we will see, Nisipeanu had in mind the other diagonal for the queen,
which eventually led him to disaster. The evaluation between parantheses
refers not to the move, but to the idea it was played with.} 21. Kg2 b5 $2 ({
After} 21... a6 {play could have continued:} 22. Rh3 Ne7 23. Nxe7 Qxe7 24. Nd5
Bxd5 25. Rxd5 Rc6 26. Qd1 b5 {when I prefer Black, although the position may
be simply equal.}) 22. Bxb5 $1 {Without fearing any ghosts.} Bxe3 {This is the
only way of justifying the pawn sacrifice. Once some of White's pieces has
been made busy on the queenside, the black queen needs the g5-square for
creating kingside threats. However, after the giving up of the bishop Black's
king will not be as safe as earlier.} 23. Nxe3 Qg5 24. Rh3 $1 {The key
defensive/counterattacking move. Black's only real threat was capturing of the
g4-pawn, which is much less appealing now.} Bxg4 {Opening the g-file does not
look as a good idea, but what else to do? Black cannot unblock the b-file, his
c6-knight is hanging and White only needs a couple of tempi to consolidate
with Rg3 and Rd2.} 25. Nxg4 Rxb5 $5 {An elegant, but ineffective, tactical
motiv.} 26. Rg3 $1 (26. Qxb5 $2 Qxg4+ {[%csl Gd1]}) 26... Rxb2 27. Rxd6 {
White's queenside structure has lost its previous flexibility, but the most
important pawn (c3) has remained on board, preventing active knight moves.} Ne7
28. hxg6 fxg6 29. Qxa7 {An elegant move, defending f2 and pinning the knight.}
({Computers prefer} 29. Nf6 Qh4 (29... Qf4 {allows the double attack} 30. Nh5+)
30. Qd7 {, with decisive attack.}) 29... Rxc3 {It may seem that Black has
achieved a high degree of activity for his pieces, but there is an exception:
his e7-knight. If one piece stands badly...} 30. Rxg6+ $1 Kxg6 (30... Qxg6 31.
Qxe7+ Kh8 32. Qxe5+ Qg7 33. Qxg7+ Kxg7 34. Rxc3) 31. Nxe5+ {At this level, the
rest of the moves can only be explained by inertia.} Kf6 32. Rxg5 hxg5 33. Qd4
Rbc2 34. Qd6+ 1-0

[Event "Metz op 30th"]
[Site "Metz"]
[Date "2012.04.23"]
[Round "4"]
[White "Korneev, Oleg"]
[Black "Bujisho, Benjamin"]
[Result "1/2-1/2"]
[WhiteElo "2597"]
[BlackElo "2381"]
[Annotator "Metz Alekhine/Primel,D"]
[PlyCount "77"]
[EventDate "2012.04.14"]
[EventType "swiss"]
[EventRounds "9"]
[EventCountry "FRA"]
[SourceTitle "EXT 2013"]
[Source "ChessBase"]
[SourceDate "2012.11.22"]
[SourceVersion "1"]
[SourceVersionDate "2012.11.22"]
[SourceQuality "1"]

1. e4 c5 2. Nf3 d6 3. d4 cxd4 4. Nxd4 Nf6 5. Nc3 a6 6. Be3 e6 (6... e5) 7. g4 {
Ressemble а une attaque Keres} Be7 (7... h6 $142) (7... b5 $142) (7... Nc6) 8.
g5 Nfd7 9. h4 Nc6 10. Rg1 (10. Qd2) 10... Qc7 11. h5 g6 12. Qd2 $146 (12. Rg3
b5 13. Nxc6 Qxc6 14. Qd4 Rg8 15. O-O-O Bb7 16. hxg6 hxg6 17. Rh3 Qc5 18. Qd2
Qc7 19. a3 Ne5 20. Bd4 Rd8 21. f4 Nd7 22. Qh2 Nc5 23. Bg2 e5 24. Be3 Ne6 25. f5
Nxg5 26. Rg3 gxf5 27. exf5 Kd7 28. Bxb7 Qxb7 29. Nd5 Rh8 30. Qg2 Nh7 31. f6 {
1-0 (31) Hort,V (2545)-Muse,M (2435) Germany 1986}) 12... b5 13. O-O-O (13.
Nxc6 Qxc6 14. O-O-O) 13... Bb7 14. Nxc6 Bxc6 15. a3 (15. f4 b4 16. Nd5 $5 (16.
Qd4 e5 17. fxe5 dxe5 18. Nd5 Bxd5 19. Qxd5 Rc8 20. Rd2) 16... exd5 17. exd5 Ba4
18. hxg6 hxg6 19. Bd4 Rh7 (19... Bxc2 20. Qxc2 Qxc2+ 21. Kxc2 Rh4) 20. b3)
15... Rb8 $132 16. Bf4 Ne5 17. Rg3 a5 {[%cal Gb5b4]} 18. Nd5 $1 exd5 19. exd5
Bd7 20. Bxe5 dxe5 21. d6 Qxd6 22. Qxd6 Bxd6 23. Rxd6 gxh5 {Curieusement ce P
passé va donner un contre-jeu inespéré pour les Noirs.} 24. Rd5 (24. Re3 Ke7
25. Rh6 $36) 24... Be6 25. Rxe5 O-O 26. f4 Rfe8 (26... Rfd8 {Plus naturel car
Rfe8 perd un tempo}) 27. Bxb5 h4 28. Rge3 Red8 29. Bd3 Bg4 30. Rxa5 (30. b3)
30... h3 $1 $132 {[%csl Gh3]} 31. Ra6 h5 32. gxh6 h2 33. h7+ $13 Kg7 34. Re1
Bf3 35. Ra5 Rd5 36. Rxd5 Bxd5 37. a4 h1=Q 38. Rxh1 Bxh1 $13 {Une finale
complexe difficile а évaluer. Tant que la majorité blanche de l'aile-dame
n'est pas trop avancée, la R Noire donne un trés léger avantage Noir mais les
Blancs ont des meilleures perspectives а long terme.} 39. a5 {Suite illisible
et nulle au 55ème coup} 1/2-1/2

[Event "Bundesliga 0708"]
[Site "Germany"]
[Date "2008.04.19"]
[Round "14.6"]
[White "Souleidis, Georgios"]
[Black "Hracek, Zbynek"]
[Result "0-1"]
[WhiteElo "2421"]
[BlackElo "2598"]
[Annotator "Meyer,CD"]
[PlyCount "56"]
[EventDate "2007.10.20"]
[EventType "team-tourn"]
[EventRounds "15"]
[EventCountry "GER"]
[SourceTitle "CBM 124"]
[Source "ChessBase"]
[SourceDate "2008.05.28"]
[SourceVersion "1"]
[SourceVersionDate "2008.05.28"]
[SourceQuality "1"]
[WhiteTeam "Katernberg"]
[BlackTeam "Werder Bremen"]
[WhiteTeamCountry "GER"]
[BlackTeamCountry "GER"]

1. e4 c5 2. Nf3 d6 3. d4 cxd4 4. Nxd4 Nf6 5. Nc3 e6 6. g4 h6 7. h4 Nc6 8. Rg1
d5 9. Bb5 Bd7 10. exd5 Nxd5 11. Nxd5 exd5 12. Be3 Be7 13. Qf3 {Die gängigen
Fortsetzungen bei dieser Version des Keres-Angriffs sind 13.Qd2 (!, J. Nunn;
13...Nxd4 14.Bxd7+ Qxd7 15.Qxd4/Bxd4) und 13.g5 (hxg5 14.hxg5 Rh4!, L. Ftacnik)
. Der Textzug ist lt. meiner Datenbanken offenbar ein seltener Gast.} O-O (
13... Qa5+ 14. c3 (14. Kd1 $143 O-O 15. Bxc6 bxc6 16. Nf5 Bc5 17. g5 Bxf5 18.
Qxf5 Bxe3 19. fxe3 h5 20. g6 Qb4 21. Qxh5 fxg6 22. Qxg6 Qxb2) 14... O-O-O (
14... O-O 15. Bxc6 bxc6 16. Nf5 (16. g5 $143 h5 $5 {, siehe Anmerkung zum 16.
Partiezug von Schwarz}) 16... Bxf5 17. gxf5 f6 $5 18. Bxh6 Rf7 19. Bf4 Re8 $13)
15. Bxc6 bxc6 16. Nb3 Qa6 17. O-O-O h5 $2 (17... Rhf8 18. Kb1 f5 19. g5 f4 $13)
18. Qxf7 Qxa2 $2 19. Qxe7 Qxb3 20. Rd4 a5 (20... Qa2 21. Rb4 $1 $18) 21. Qc5
$18 hxg4 22. Bf4 g5 23. hxg5 Rh7 24. Rb4 axb4 25. Qb6 Be8 26. Qb8+ Kd7 27. Qc7+
Ke6 28. Re1+ {1-0 Kindermann,S (2520) - Vogt,L (2495), Baden-Baden 1993}) 14.
Bxc6 bxc6 15. g5 ({Weiß mag mit} 15. Nf5 $5 {besser beraten sein, z.B.} Bxh4 (
15... Qa5+ 16. c3 Bxf5 17. gxf5 f6 $5 {siehe vorherige Anmerkung}) 16. Nxh4
Qxh4 17. O-O-O Rab8 18. c3 $44) 15... h5 $1 {Zwecks Vermeidung von
Linienöffnungen am Königsflügel und wertvollem Zeitgewinn ein sinnvolles
Bauernopfer, das Weiß nicht gut ablehnen kann.} 16. Qxh5 g6 $2 ({Wegen der
folgenden Antwort eine fatale Schwächung, während} 16... Qa5+ $5 {nach} 17. c3
({oder} 17. Kd1 Rab8 18. g6 fxg6 19. Qxg6 Bf6 $15 20. h5 Qb4) 17... Rab8 18. g6
fxg6 19. Qxg6 Bf6 $15 {zweifellos Schwarz begünstigt (} 20. Qc2 Qa6 $5 {
/Rfe8!?)}) 17. Qh6 $1 ({Daß die Dame sich nach h6 vorwagen darf, hatte Hracek
völlig unterschätzt.} 17. Qe2 $2 c5 $13) 17... Qa5+ $2 ({Zwar droht die
eingesperrte Dame nach} 17... Re8 {gefangen zu werden (18...Bf8), aber} 18. Ne6
$1 {dreht den Spieß um:} Qa5+ $8 {! Von 5 Kandidatenzügen der einzig rettende!}
(18... Bf8 $2 19. Nxf8 Rxe3+ (19... Rxf8 $2 20. Bd4 Qe7+ 21. Kd1 f6 22. gxf6
$18) (19... d4 $2 20. Nh7 $18 (20. O-O-O $18)) 20. Kd1 (20. fxe3 $6 Qa5+ 21.
Kd1 Rxf8 22. h5 Bf5 23. hxg6 fxg6 24. Qh2 Be4 25. Qd2 $1 $16) 20... Re6 21.
Nxe6 (21. Nh7 $2 Qb6) 21... Bxe6 22. h5 $18) (18... Bb4+ $2 19. Kd1 Bf8 (19...
Bxe6 20. Bd4 {siehe 18...Bxe6}) (19... fxe6 20. Qxg6+ Kh8 (20... Kf8 21. Qh7 $1
{/\g6+- nebst Matt}) 21. Qh6+ Kg8 22. g6 Qe7 23. Bd4 e5 24. Bxe5 $18 {nebst
Matt})) (18... Bxe6 $2 19. Bd4 Bb4+ 20. Kd1 Bg4+ 21. Kc1 f6 22. Qxg6+ Kf8 23.
gxf6 $18) (18... fxe6 $2 19. Qxg6+ Kf8 (19... Kh8 20. Bd4+ e5 21. Bxe5+ Bf6 22.
Qh5+ Kg8 23. gxf6+ Kf8 24. Rg8+ Kxg8 25. Qg6+ {und 26.Qg7#}) 20. Qh6+ Kg8 21.
g6 Bb4+ 22. Kf1 Qe7 23. Bd4 $18 {nebst Mattsetzung}) 19. c3 (19. Kd1 $4 {
scheitert hier an} Bxe6 20. Bd4 Bf6 $1 $19 21. Bxf6 Bg4+ 22. Kc1 Re1+ 23. Rxe1
Qxe1#) 19... Bf8 20. Nxf8 Rxe3+ $8 {! Diese Wendung, die Weiß den Giftzahn
zieht, bildet die eigentliche Pointe.} 21. fxe3 Rxf8 22. h5 Qb6 $1 23. O-O-O
Rb8 $132 24. b3 (24. Rd2 Qxe3 25. hxg6 Qxg1+ 26. Rd1 Qe3+ 27. Rd2 fxg6 28.
Qxg6+ Kh8 29. Qf6+ Kg8 30. Qg6+ Kh8 31. Qf6+ $11 {Dauerschach von Weiß}) 24...
Qxe3+ 25. Kb2 d4 $1 26. cxd4 (26. Rxd4 Qe2+ 27. Ka1 (27. Ka3 Qe7+ 28. Kb2 Qe2+
$11) 27... Qe3 28. Rxd7 Qxg1+ 29. Kb2 Qf2+ 30. Kc1 Qf4+ $11) 26... Be6 27. hxg6
Rxb3+ 28. axb3 Qxb3+ $11 {Dauerschach von Schwarz}) 18. Kd1 $1 ({Eine
ausgesprochene Feinheit, und nicht} 18. c3 $2 Rfe8 19. Ne6 Bf8 20. Nxf8 Rxe3+
$1 {mit Zugumstellung zur vorherigen Remisvariante}) 18... c5 ({Nichts geht
mehr. Oder: I} 18... Rfe8 19. Nxc6 $1 Qa4 20. Bd4 Qxd4+ 21. Nxd4 Bf8 22. Qxf8+
Kxf8 23. f3 $18) ({II} 18... Qc7 19. Nf3 $1 ({oder auch} 19. Ne6 $1 Qe5 20. Bd4
Qxd4+ 21. Nxd4 Rfd8 22. h5 Bf8 23. hxg6 Bxh6 24. gxh6 $18) 19... c5 (19... Rfe8
20. Bd4 $18) (19... Bf5 20. h5 Be4 (20... c5 21. Rh1 $18 {- 19...c5}) 21. Bd4
f6 22. Nh4 $18 Qh2 (22... c5 23. hxg6) (22... Bd6 23. gxf6 Bf4 24. Rxg6+ Kf7
25. Qg7+ Ke8 26. h6 (26. f3)) 23. hxg6 Qxg1+ 24. Ke2 Qg4+ 25. f3) 20. h5 Bf5
21. Rh1 $1 $18 {nebst durchschlagendem Angriff über die h-Linie}) 19. h5 $1 $18
Qb6 20. c3 $4 {Mit dem Sieg in greifbarer Nähe läßt sich der Anziehende
impulsiv zu einem "Nullzug" hinreißen. Dabei hätte er seinen schwungvollen
Angriff wie folgt krönen können:} ({I} 20. Rh1 $1 Bg4+ (20... Qxb2 21. hxg6
Qxa1+ 22. Kd2 Qxh1 23. Qxh1 fxg6 24. Qxd5+) 21. Kc1 gxh5 (21... Bxh5 22. Nf5
gxf5 23. Qxh5) 22. Nc6 $1 Qc7 {/Rfe8} 23. g6 fxg6 24. Qxg6+ Kh8 25. Qxg4) ({II
} 20. Bf4 $1 {wäre gar noch strenger gewesen:} Bf6 (20... gxh5 21. g6) 21. gxf6
Qxf6 22. Nc6 (22. hxg6 Qxd4+ 23. Kc1 Qg7 24. gxf7+) 22... Bxc6 (22... Rae8 23.
hxg6) 23. hxg6) 20... Rfb8 $11 ({Überaus glücklich ist der Großmeister "dem
Totengräber von der Schippe gesprungen". Übrigens,} 20... Rfc8 $15 {wäre noch
eine Spur genauer gewesen.}) 21. hxg6 (21. Nb3 $142) 21... Qxg6 22. Qxg6+ $2 ({
Frustriert beginnt Weiß, völlig die Contenance zu verlieren. Mit} 22. Nb3 $1 {
konnte er zumindest den halben Punkt problemlos sicherstellen:} c4 23. Bd4 Qh7
24. Qxh7+ Kxh7 25. g6+ fxg6 26. Rh1+ (26. Be5 Rf8 (26... cxb3 $4 27. Rh1+ {
h8+-xb8}) 27. Rh1+ Kg8 28. Nd4 Rxf2 29. Rh8+ Kf7 30. Rxa8 Rf1+ 31. Ke2 Rxa1 32.
Rxa7 $11) 26... Kg8 27. Rh8+ Kf7 28. Rh7+ Ke8 (28... Ke6 29. Nc5+ Bxc5 30. Bxc5
$11) 29. Nc5 Rxb2 30. Rh8+ Bf8 31. Rxf8+ Kxf8 32. Nxd7+ Ke7 33. Ne5 $11) 22...
fxg6 23. Nb3 c4 24. Nc5 Bxc5 25. Bxc5 Rxb2 26. Kc1 Rab8 (26... Re2) 27. Bxa7 $4
({Ein "Blackout", immer noch hätte} 27. Rd1 $1 {gereicht:} Ba4 28. Rd2 R2b5 29.
Bd4 (29. Be3 R8b7 30. Re2 Rh7 31. Re1 $11) 29... Kf7 30. Re2 $11) 27... R8b7
28. Bd4 Ba4 $1 $19 ({I Die tödliche Batterie nach} 28... Ba4 $1 29. f3 Rc2+ 30.
Kd1 Rxa2+ {wurde schlicht übersehen}) ({II jedoch bloß nicht} 28... Bf5 $4 {
wegen} 29. Kd1 $11) 0-1

[Event "Geneve FIDE GP (Women)"]
[Site "Geneve"]
[Date "2013.05.10"]
[Round "7"]
[White "Lagno, Kateryna"]
[Black "Hou, Yifan"]
[Result "0-1"]
[WhiteElo "2548"]
[BlackElo "2617"]
[Annotator "Mikhalchishin,A"]
[PlyCount "110"]
[EventDate "2013.05.03"]
[EventType "tourn"]
[EventRounds "11"]
[EventCountry "SUI"]
[EventCategory "11"]
[SourceTitle "CBM 155"]
[Source "ChessBase"]
[SourceDate "2013.07.16"]
[SourceVersion "1"]
[SourceVersionDate "2013.07.16"]
[SourceQuality "1"]
[WhiteClock "0:02:59"]
[BlackClock "0:13:13"]

1. e4 c5 2. Nf3 d6 3. d4 cxd4 4. Nxd4 Nf6 5. Nc3 e6 6. g4 h6 7. Rg1 e5 $5 {
A completely personal way of the World Champion, which is a rare example.
Women generally follow men's opening theory, but the Chinese GM is one of the
brightest young stars.} ({A very risky way here is} 7... g5 8. h4 gxh4 9. g5
hxg5 10. Bxg5 Be7 11. Qe2 a6 12. O-O-O Nbd7 13. f4 Nh5 14. Qf3 Ng3 15. Bxe7
Qxe7 16. Bh3 Nb6 17. Nde2 Nxe2+ 18. Nxe2 Qc7 19. Rg7 {Hausner,I (2407)-Ftacnik,
L (2570)/Slovakia SVK 2011; with next f4-f5, starting an unpleasant attack.})
8. Bb5+ ({The next test has to be} 8. Nf5 Nc6 9. h4) 8... Bd7 $1 ({A few
months ago in her first game with this line the World Champion chose another
move:} 8... Nbd7 9. Nf5 a6 10. Bxd7+ Qxd7 11. g5 Nxe4 12. Nxg7+ Bxg7 13. Nxe4
Qc6 14. Qd3 Ke7 15. gxh6 Bxh6 16. Bxh6 Rxh6 17. Qe3 Rh5 18. Rd1 Bf5 19. Ng3 {
Nakamura,H (2775)-Hou,Y (2623)/Hoogeveen 2012; and she got into trouble.}) 9.
Bxd7+ ({White can come into trouble the after the active} 9. Nf5 Bxb5 10. Nxb5
Qa5+ 11. Nc3 Nxe4) 9... Nbxd7 10. Nf5 Nc5 ({A very risky way was} 10... Qb6 11.
a4 Qb4 12. Qd3 g6 13. Ne3 Rc8 14. f3 Qd4) 11. Qf3 ({Activity did not work:} 11.
Be3 Nfxe4 12. Nxe4 Nxe4 13. Qd5 Nf6 14. Qxb7 Rb8 15. Qxa7 g6) 11... Ne6 ({
White would get better chances after} 11... g6 12. Nxh6 Bxh6 13. Bxh6 Rxh6 14.
g5 Rxh2 15. gxf6 Qd7 16. O-O-O O-O-O 17. Rh1) 12. Nd5 Nxd5 13. exd5 Nc5 14. g5
$2 {After such a pseudo-active move White got in trouble. The correct way was
to complete development, avoiding weaknesses.} (14. Bd2 g6 15. Ng3 Bg7 16.
O-O-O O-O 17. Be3 $1) 14... hxg5 15. Bxg5 Qd7 ({Not bad was} 15... Qb6) 16.
O-O-O Qa4 ({Black had to try exchanging the queens, then all the white
weaknesses would be exposed:} 16... g6 17. Ne3 Qh3) 17. Be3 $1 Rc8 18. Kb1 ({
White had to try an endgame in a good version:} 18. Nxg7+ Bxg7 19. Qf5 Qd7 20.
Qxd7+ Nxd7 21. Rxg7 Rxh2 22. Rg8+ Nf8 23. Rdg1 {with slightly better chances.})
18... g6 19. Ng3 Rh4 $6 ({The simple} 19... Rxh2 {was very good}) 20. Rge1 Rb4
$2 {Trying to attack at any price, but the positional solution was much more
logical} (20... Bh6) 21. c3 Rb6 22. Qe2 Ra6 23. a3 Qb3 24. Qg4 ({It was better
to eliminate the dangerous knight:} 24. Bxc5 Rxc5 25. Ne4 Rc7 26. Nd2) 24...
Nd7 25. Qb4 {White's idea is to exchange queens and to leave the rook on a6
out of the game.} Qc4 26. Ne4 ({A very logical idea was to get rid of a weak
pawn:} 26. h4 f5 27. h5) 26... Be7 27. f3 ({Logical was} 27. f4) 27... f5 28.
Qxc4 Rxc4 29. Nd2 Rh4 {Now another rook has come to the same square!} 30. Re2
Nb6 31. Bxb6 axb6 $1 {Lagno claimed after the game, that she had overlooked
this move, allowing the black rook to return to the game.} 32. Kc2 Kf7 33. Nf1
Rh3 34. Rd3 Ra4 $1 {Finally the rook returns to the hunting fields!} 35. Rg2
Rf4 36. Nd2 Rfh4 37. Nf1 Bf8 38. Rg3 Bh6 39. Rxh3 Rxh3 40. c4 {This is a try
to activate her own rook.} Ke7 {The simplest way is to defend the weaknesses
with the king.} 41. Rb3 Kd7 42. c5 $5 ({White try to muddy the waters as} 42.
Rxb6 {was simply losing:} Rxf3 43. Rxb7+ Kc8 44. Rh7 Bf4 45. Ng3 Rf2+ 46. Kb1
e4) 42... dxc5 43. Rxb6 Rxf3 44. Rxg6 Rf2+ 45. Kc3 Bc1 $1 46. Ng3 b5 47. Rg7+
Kd6 48. Rf7 Bxb2+ 49. Kb3 Kxd5 50. Rxf5 Rxh2 51. Nf1 Re2 52. a4 c4+ 53. Kb4 c3
54. Rf8 c2 55. Rd8+ Ke6 0-1